Crop production in saline environments : (Record no. 232441)

000 -LEADER
fixed length control field 01432cam a22003254a 4500
001 - CONTROL NUMBER
control field 13043620
003 - CONTROL NUMBER IDENTIFIER
control field ASAB
005 - DATE AND TIME OF LATEST TRANSACTION
control field 20170216154824.0
008 - FIXED-LENGTH DATA ELEMENTS--GENERAL INFORMATION
fixed length control field 021230s2003 nyua b 001 0 eng
010 ## - LIBRARY OF CONGRESS CONTROL NUMBER
LC control number 2002156643
020 ## - INTERNATIONAL STANDARD BOOK NUMBER
International Standard Book Number 81-8189-018-3
040 ## - CATALOGING SOURCE
Original cataloging agency DLC
Transcribing agency ASAB
Modifying agency DLC
042 ## - AUTHENTICATION CODE
Authentication code pcc
050 00 - LIBRARY OF CONGRESS CALL NUMBER
Classification number SB317.S25
Item number C76 2003
082 00 - DEWEY DECIMAL CLASSIFICATION NUMBER
Classification number 631.4/16
Edition number 21
245 00 - TITLE STATEMENT
Title Crop production in saline environments :
Remainder of title global and integrative perspectives /
Statement of responsibility, etc. Sham S. Goyal, Surinder K. Sharma, D. William Rains, editors.
260 ## - PUBLICATION, DISTRIBUTION, ETC.
Place of publication, distribution, etc. New York :
Name of publisher, distributor, etc. Food Products Press,
Date of publication, distribution, etc. 2003.
300 ## - PHYSICAL DESCRIPTION
Extent xiv, 427 p. :
Other physical details ill. (some col.) ;
Dimensions 23 cm.
500 ## - GENERAL NOTE
General note "Perspectives has been co-published simultaneously as Journal of Crop Production, Volume 7, Numbers 1/2 (#13/14) 2003."
504 ## - BIBLIOGRAPHY, ETC. NOTE
Bibliography, etc. note Includes bibliographical references and index.
650 #0 - SUBJECT ADDED ENTRY--TOPICAL TERM
Topical term or geographic name entry element Salt-tolerant crops.
650 #0 - SUBJECT ADDED ENTRY--TOPICAL TERM
Topical term or geographic name entry element Crops
General subdivision Effect of salts on.
650 #0 - SUBJECT ADDED ENTRY--TOPICAL TERM
Topical term or geographic name entry element Soils, Salts in.
700 1# - ADDED ENTRY--PERSONAL NAME
Personal name Goyal, Sham S.
700 1# - ADDED ENTRY--PERSONAL NAME
Personal name Sharma, S. K.,
Dates associated with a name 1952-
700 1# - ADDED ENTRY--PERSONAL NAME
Personal name Rains, D. W.
730 0# - ADDED ENTRY--UNIFORM TITLE
Uniform title Journal of crop production.
906 ## - LOCAL DATA ELEMENT F, LDF (RLIN)
a 7
b cbc
c orignew
d 1
e ecip
f 20
g y-gencatlg
942 ## - ADDED ENTRY ELEMENTS (KOHA)
Source of classification or shelving scheme
Koha item type Book
Holdings
Withdrawn status Lost status Source of classification or shelving scheme Damaged status Not for loan Collection code Permanent Location Current Location Date acquired Total Checkouts Full call number Barcode Date last seen Price effective from Koha item type
            Central Library (CL) Central Library (CL) 02/16/2017   631.4 GOY ASAB1728 02/24/2017 02/16/2017 Book
© 2023 Central Library, National University of Sciences and Technology. All Rights Reserved.